LEADER 01208nam0-22003971i-450- 001 990004074920403321 005 20120321161443.0 035 $a000407492 035 $aFED01000407492 035 $a(Aleph)000407492FED01 035 $a000407492 100 $a20120321d1984----km-y0itay50------ba 101 0 $aita 102 $aIT 105 $aa-------00-y- 200 1 $a<>umanesimo giovane$eBernardo Rossellini a Roma e a Pienza$fLuciana Finelli 210 $aRoma$cVeutro$dc1984 215 $a175 p.$cill.$d22 cm 304 $aSul fron.: Dipartimento di architettura e analisi della cittą. Facoltą di Architettura Universitą di Roma "La Sapienza" 610 0 $aArchitetti$aRossellino$aRoma$aPienza 610 0 $aBasilica di San Pietro 610 0 $aFabbrica di San Pietro 676 $a724.1 700 1$aFinelli,$bLuciana$024889 702 1$aRossellino,$bBernardo 801 0$aIT$bUNINA$gRICA$2UNIMARC 901 $aBK 912 $a990004074920403321 952 $aB 5813$bDDS.2666$fFLFBC 952 $a06.169$b925$fDARST 952 $aMON B 484$b14293$fFARBC 959 $aFLFBC 959 $aDARST 959 $aFARBC 996 $aUmanesimo giovane$9478806 997 $aUNINA LEADER 00878nam0-22003131i-450- 001 990002109480403321 005 20090119121009.0 035 $a000210948 035 $aFED01000210948 035 $a(Aleph)000210948FED01 035 $a000210948 100 $a20030910d1996----km-y0itay50------ba 101 0 $aita 102 $aIT 200 1 $aLiguria$fNicoletta Grosso, Angela Rollando, Mauro Spotorno 210 $aRoma$cReda$d1996 215 $a79 p.$d24 cm 225 1 $aGeografia dei sistemi agricoli italiani 610 0 $aPianificazione territoriale - agricoltura 700 1$aGrosso,$bNicoletta$089300 702 1$aRollando,$bAngela 702 1$aSpotorno,$bMauro 801 0$aIT$bUNINA$gRICA$2UNIMARC 901 $aBK 912 $a990002109480403321 952 $a62 711:63 GRO$bDEPA 7968$fDAGEA 959 $aDAGEA 996 $aLiguria$9395036 997 $aUNINA LEADER 00769nam0-22002771i-450 001 990008004090403321 005 20180521124743.0 035 $a000800409 035 $aFED01000800409 035 $a(Aleph)000800409FED01 035 $a000800409 100 $a20050214d1959----km-y0itay50------ba 101 0 $aeng 102 $aUS 200 1 $aIntegral transforms in mathematical physics$fC.J. Tranter 210 $aNew York$cJohn Willey$d1959 215 $a133 p.$d14 cm 610 0 $aMatematica 700 1$aTranter,$bClement John$050978 801 0$aIT$bUNINA$gRICA$2UNIMARC 901 $aBK 912 $a990008004090403321 952 $a15 ID K/4-21$b1788$fDINID 959 $aDINID 996 $aIntegral Transforms in Mathematical Physics$9118459 997 $aUNINA